Η επίδραση του σωφρονιστικού καταστήματος στην υποτροπή

Το σωφρονιστικό κατάστημα μονοπωλεί στις μέρες μας έναντι κάθε άλλης μορφής ποινικής μεταχείρισης και έχει εξισωθεί με την ίδια την έννοια της ποινής. Έχει στηριχθεί στον έλεγχο των κρατουμένων και αποτελεί τον βασικό θεσμό ολόκληρου του σωφρονιστικού συστήματος. Το σωφρονιστικό κατάστημα από την γέ...

Πλήρης περιγραφή

Αποθηκεύτηκε σε:
Λεπτομέρειες βιβλιογραφικής εγγραφής
Κύριος συγγραφέας: Πρασσά, Ελένη
Συγγραφή απο Οργανισμό/Αρχή: Πανεπιστήμιο Αιγαίου Σχολή Κοινωνικών Επιστημών Τμήμα Κοινωνιολογίας
Μορφή: Thesis Βιβλίο
Γλώσσα:Greek
Δημοσίευση: 2014.
Θέματα:
Διαθέσιμο Online:http://hdl.handle.net/11610/7675
Ετικέτες: Προσθήκη ετικέτας
Δεν υπάρχουν, Καταχωρήστε ετικέτα πρώτοι!

MARC

LEADER 00000cam a2200000 i 4500
001 1/69003
008 150330s2014####gr | 000 | gre||
035 |l 10121459 
040 |a GR-MY-UA  |b gre  |e aacr 
041 0 |a gre 
082 0 |a 365.5   |2 (22)  
100 1 |a Πρασσά, Ελένη. 
245 1 2 |a Η επίδραση του σωφρονιστικού καταστήματος στην υποτροπή /   |c επιμέλεια: Πρασσά Ελένη ; επιβλέπων καθηγητής: Γεωργούλας Ευστράτιος.  
260 |c 2014.  
300 |a 185 σ. ;   |c 30 εκ.  
500 |a Μέλη επιτροπής: Ζώρας Κωνσταντίνος, Παπάνης Ευτράτιος.  
502 |a Πτυχιακή εργασία – Πανεπιστήμιο Αιγαίου, Λέσβος, 2014. 
504 |a Βιβλιογραφία: σ. 184-187.  
506 0 |a Ηλεκτρονική διάθεση μόνο περίληψης και λέξεων-κλειδιών.  
520 |a Το σωφρονιστικό κατάστημα μονοπωλεί στις μέρες μας έναντι κάθε άλλης μορφής ποινικής μεταχείρισης και έχει εξισωθεί με την ίδια την έννοια της ποινής. Έχει στηριχθεί στον έλεγχο των κρατουμένων και αποτελεί τον βασικό θεσμό ολόκληρου του σωφρονιστικού συστήματος. Το σωφρονιστικό κατάστημα από την γέννησή του απέβλεπε στην κοινωνική αποκατάσταση των κρατουμένων είτε με την εργασία είτε με την εκπαίδευση είτε με κάποια άλλη μορφή υποστήριξης. Όμως, από πολλούς έχει επικρατήσει η άποψη ότι το σωφρονιστικό κατάστημα έχει αποτύχει ως θεσμός και αυτό γιατί δεν βοηθάει τους κρατούμενους να ενταχθούν ομαλά στην κοινωνία μετά την έξοδό τους από τη φυλακή. Για να επιτευχθεί ο θεσμός του σωφρονιστικού συστήματος, είναι ανάγκη να επιτευχθεί η διασφάλιση των βασικών ατομικών δικαιωμάτων των κρατουμένων, όπως επίσης, η ομαλή λειτουργία του σωφρονιστικού συστήματος, η οικογενειακή, επαγγελματική, οικονομική αποκατάσταση των κρατουμένων, γεγονός στην πραγματικότητα δεν ισχύει. Οι απάνθρωπες συνθήκες διαβίωσης στα σωφρονιστικά καταστήματα, οι αρνητικές συνέπειες που οδηγείται ο έγκλειστος, λόγου χάρη, στιγματισμός, περιθωριοποίηση, κοινωνικός αποκλεισμός καθώς και στέρηση των βασικών ατομικών δικαιωμάτων μαζί με την απουσία της μέριμνας για την ένταξη των αποφυλακισμένων στην κοινωνία, οδηγούν στην υποτροπή και στην τέλεση νέων εγκληματικών πράξεων. Σκοπός της παρούσας εργασίας με θέμα «Η επίδραση του σωφρονιστικού καταστήματος στην υποτροπή» είναι η εξέταση των τρόπων εκείνων μέσω των οποίων το σωφρονιστικό κατάστημα επιδρά στην υποτροπή και η μελέτη για την αποτυχία του ως θεσμός. Η μεθοδολογία η οποία χρησιμοποιήθηκε είναι η βιβλιογραφική έρευνα για την εκτενής ανάλυση του θεωρητικού πλαισίου και η ανάλυση του περιεχομένου για την διεξαγωγή της έρευνας μέσω των βίντεο της τηλεοπτικής εκπομπής.  
650 0 0 |a Prisons  |x Social aspects. 
650 0 0 |a Prison discipline. 
650 0 0 |a Prison psychology. 
700 1 |a Γεωργούλας, Στράτος,  |e dgs 
710 2 |a Πανεπιστήμιο Αιγαίου  |b Σχολή Κοινωνικών Επιστημών  |b Τμήμα Κοινωνιολογίας. 
852 |a INST  |b LESVOS  |c DIATR  |e 20150330  |h 515  |p 005100056495  |q 005100056495  |t DIE  |y 23 
852 |a INST  |b LESVOS  |c DIATR  |e 20150330  |h 516  |p 005100056496  |q 005100056496  |t DIE  |y 23 
856 |u http://hdl.handle.net/11610/7675 
901 |a BIBL1-2015-1 
909 |a Λ  |b 192961 
909 |a Λ  |b 192962 
924 |a ΠΡΑΣΣΑ  |b ΕΛΕΝΗ  |y Λέσβος  |z 2014-08 
970 |a ΤΖΑΦΕΡΗ  |b ΕΥΑΓΓΕΛΙΑ  |z 2015/03/30